000 00530cam a2200145 4500500
005 20251214042929.0
041 _afre
042 _adc
100 1 0 _aBureau, Aurore
_eauthor
245 0 0 _aEtat des lieux d'un dispositif procédural atypique : la composition pénale
260 _c2005.
500 _a53
786 0 _nArchives de politique criminelle | 27 | 1 | 2005-10-01 | p. 125-150 | 0242-5637
856 4 1 _uhttps://droit.cairn.info/revue-archives-de-politique-criminelle-2005-1-page-125?lang=fr&redirect-ssocas=7080
999 _c1577128
_d1577128